<?xml version="1.0" encoding="UTF-8"?>
<collection xmlns="http://www.loc.gov/MARC21/slim">
 <record>
  <leader>00619cam a2200193 7i4500</leader>
  <controlfield tag="001">0000057828</controlfield>
  <controlfield tag="005">20220705090000.0</controlfield>
  <controlfield tag="007">  Monographs</controlfield>
  <controlfield tag="008">220705            eng</controlfield>
  <datafield tag="020" ind1="0" ind2="0">
   <subfield code="a">9789678915793 (pbk.) </subfield>
  </datafield>
  <datafield tag="090" ind1="0" ind2="0">
   <subfield code="a">KPG2590.A31984 </subfield>
   <subfield code="b">UNI 2015</subfield>
  </datafield>
  <datafield tag="245" ind1="0" ind2="0">
   <subfield code="a">UNIFORM building by-laws 1984 [G.N. 5178/85] (as at 1st November 2015)  </subfield>
   <subfield code="c">compiled by Legal Research Board.</subfield>
  </datafield>
  <datafield tag="264" ind1=" " ind2="1">
   <subfield code="a">Kuala Lumpur: </subfield>
   <subfield code="b">International Law Book Services, </subfield>
   <subfield code="c">2015.</subfield>
  </datafield>
  <datafield tag="300" ind1=" " ind2=" ">
   <subfield code="a">i85 pages: </subfield>
   <subfield code="b">25cm.</subfield>
  </datafield>
  <datafield tag="336" ind1=" " ind2=" ">
   <subfield code="a">content</subfield>
   <subfield code="2">rdatext</subfield>
  </datafield>
  <datafield tag="337" ind1=" " ind2=" ">
   <subfield code="a">unmediated</subfield>
   <subfield code="2">rdamedia</subfield>
  </datafield>
  <datafield tag="338" ind1=" " ind2=" ">
   <subfield code="a">voluem</subfield>
   <subfield code="2">rdacarrier</subfield>
  </datafield>
  <datafield tag="650" ind1="0" ind2="0">
   <subfield code="a">Buildings </subfield>
  </datafield>
  <datafield tag="710" ind1="1" ind2="1">
   <subfield code="a">Legal Research Board </subfield>
  </datafield>
 </record>
</collection>
